000 00779nam a2200241 i 4500
001 bg
100 1 _aCORRIGAN, Patrick H.
245 1 0 _aBudowa lokalnych sieci komputerowych Novell NetWare :
_b[wersje 2.2 i 3.x] /
_cPatrick H. Corrigan, Aisling Guy ; [tł. z ang. Jakub Niedźwiedź].
246 _iTyt. oryg.:
_aBuilding local area networks
260 _aWarszawa :
_b"Intersoftland",
_c1993.
300 _a436 s. ;
_c24 cm.
500 _aOryg. : Building local area networks" 1992.
630 0 9 _aNetWare
_xbudowa i organizacja
655 _aPodręczniki
700 1 _aGUY, Aisling
020 _a8385515275
040 _cBPK
041 1 _apl
_hen
080 _a681.324.06(07)
920 _a83-85515-27-5
942 _cKS
008 s pl f |000 0 pol
999 _c32526
_d32526
856 _uhttp://koha.tu.koszalin.pl/cgi-bin/koha/opac-detail.pl?biblionumber=32526
_yKatalog online BPK